000 01000nas a2200253 454500
001 31027
005 20260407193508.0
008 260407s1994####ag###########|||spa#d
003 AR-UNSa-BCEJYS
040 _aAR-UNSa-BCEJYS
_bspa
_cAR-UNSa-BCEJYS
080 _a343.35
_xDelitos contra la administración pública. Abuso de la función pública (Corrupción)
245 1 0 _aResponDabilidad
022 _a9991-7136
264 1 _aArlington :
_bCharles J. Becker
_c1994
310 _aFrecuencia: Irregular A partir del Nº 15 cambia de título por: ResponDabilidad Anti-Corrupción
041 _aspa
942 _cSER
590 _aniveau_biblio:s niveau_hierar:1
100 1 _aProyecto Regional para el Mejoramiento de la Administración Financiera en América Latina y el Caribe
650 _aADMINISTRACION FINANCIERA
650 _aADMINISTRACION PUBLICA
650 _aCorrupción
856 4 1 _uhttps://biblioeco.unsa.edu.ar/pmb/images/revistas/ResponDabilida-r.jpg
_yImagen de portada
_qimage/jpeg
999 _c8701
_d8701